Information sources in law /
Salvato in:
| Altri autori: | |
|---|---|
| Natura: | Libro |
| Pubblicazione: |
London : Boston :
Butterworths,
1986.
|
| Serie: | Butterworths guides to information sources
|
| Soggetti: | |
| Tags: |
Aggiungi Tag
Nessun Tag, puoi essere il primo ad aggiungerne!!
|
MARC
| LEADER | 00000pam a2200000 a 4500 | ||
|---|---|---|---|
| 020 | |a 0408114746 : |c TZS 3,496/= | ||
| 040 | |a MUL |b eng |e AACR | ||
| 082 | 0 | 0 | |a 340.07 INF |
| 245 | 0 | 0 | |a Information sources in law / |c / editor, R.G. Logan. |
| 260 | |a London : |a Boston : |b Butterworths, |c 1986. | ||
| 300 | |a xiv, 370 p. : |c 23 cm. | ||
| 440 | 0 | |a Butterworths guides to information sources | |
| 500 | |a Includes index. | ||
| 650 | 0 | |a Legal research |z Great Britain. | |
| 650 | 0 | |a Law--Bibliography | |
| 650 | 0 | |a Legal research | |
| 650 | 0 | |a Law--Information services | |
| 700 | 1 | |a Logan, R. G. |c [Contributor; Editor; Other] | |
| 942 | |c BK | ||
| 999 | |c 600 |d 600 | ||